| 000 | 00813cam a2200241 4500 | ||
|---|---|---|---|
| 001 | ABS62343 | ||
| 008 | 000000n2000 000 0 eng u | ||
| 035 | _a(Sirsi) u106051 | ||
| 245 | _aClicks, bricks and cyber space | ||
| 260 | _c2000 | ||
| 490 |
_aContract Journal _vConstruction Materials April 2000. 14-19(4) |
||
| 520 | _aFeature on how e-commerce is likely to effect the construction industry giving the views of a procurement manager, two new companies and an old world one who is investing heavily in online services. | ||
| 590 | _aABS | ||
| 650 | _aE-COMMERCE | ||
| 650 | _aCONSTRUCTION INDUSTRY | ||
| 650 | _aINTERNET | ||
| 650 | _aCOSTAIN | ||
| 650 | _aJACKHAMMA.CO | ||
| 650 | _aBUILDINGWORK.COM | ||
| 650 | _aE-CEMENT.COM | ||
| 690 | _aINFORMATION TECHNOLOGY-INTERNET | ||
| 942 | _n0 | ||
| 999 |
_c63523 _d63523 |
||